1142 1484 1477 1016 1824 1716 1989 1947 1590 1766 1885 1668 1230 1069 1759 1062 1946 1492 1478 1945 1615 1587 1554 1580 1055 1113 1531 1444 1685 1037 1946 1345 1646 1314 1345 1425 1920 1564 1545 1619 1489 1539 1513 1782 1496 1642 1919 1334 1825 1687 1908 1130 1123 1302 1838 1268 1653 1347 1791 1364 1949 1729 1995 1430 1711 1989 1229 1446 1813 1021 1669 1977 1097 1488 1453 1174 1859 1267 1966 1672 1815 1295 1779 1397 1488 1242 1708 1478 1542 1693 1818 1396 1772 1529 1360 1414 1861 1220 1449 BCNSPRNW ULIB Ver.6.0+V

เปลี่ยนเป็นภาษาไทย

Change to English
 แสดงรายละเอียดบรรณานุกรม
  กลับหน้าหลัก

Brief Record : Get Marc (ISO 2709) : E-mail record : QR code < ปิดหน้าต่าง
LEADER : 00000nam 2200000uu 4500
001    13399111093
003     ULIB
008    110616s||||||||th 000 0 tha d
020    9748463664
050  4 BF441^bก575ก 2544
100 0  เกรียงศักดิ์ เจริญวงศ์ศักดิ์
245 10 การคิดเชิงสังเคราะห์ =^bSynthesis-type thinking /^cเกรียงศักดิ์ เจริญวงศ์ศักดิ์
246 31 Synthesis-type thinking
250    พิมพ์ครั้งที่ 1
260    กรุงเทพฯ :^bซัคเซส มีเดีย,^c2544
300    xii, 101 หน้า :^bภาพประกอบ ;^c21 ซม.
440  0 หนังสือชุด "ผู้ชนะ 10 คิด"
650  7 ความคิดและการคิด
945    ^p150^l0^i015442
945    ^p150^l0^i015441
995    ทศพร
999 ^a ใช้งานได้ทุกระบบ
รายการนี้ยังไม่มีแท็ก
คุณยังไม่ได้ล็อกอิน คุณสามารถมีกิจกรรมร่วมกับเว็บไซต์ได้ แต่ต้องล็อกอินก่อน ::
  ล็อกอิน

รายการสื่อสารสนเทศ

ลำดับที่ ประเภท เลขเรียก/บาร์โค้ด สถานที่ สถานะ
1. การศึกษาทั่วไป
การศึกษาทั่วไป
BF441 ก575ก 2544 ฉ.2 
  Barcode: 015442
ห้องสมุดวิทยาเขตนครสวรรค์
►หนังสือทั่วไป:l:General Books
บนชั้น

รายการใกล้เคียง
    ผู้แต่ง [เกรียงศักดิ์ เจริญวงศ์ศักดิ์]

    หัวเรื่อง [ความคิดและการคิด]

BibComment


ยังไม่เคยถูกคอมเมนท์

คอมเมนท์ทรัพยากรรายการนี้
  คอมเมนท์: การคิดเชิงสังเครา..


 Copyright 2026. Bcnsprnw @Library